The conflictuality of controversies on social media: Tensions, self-censorship, and the transformation of public debate (notice n° 2050860)

détails MARC
000 -LEADER
fixed length control field 01157cam a2200181 4500500
005 - DATE AND TIME OF LATEST TRANSACTION
control field 20260405001750.0
041 ## - LANGUAGE CODE
Language code of text/sound track or separate title fre
042 ## - AUTHENTICATION CODE
Authentication code dc
100 10 - MAIN ENTRY--PERSONAL NAME
Personal name Béliard, Anne-Sophie
Relator term author
245 00 - TITLE STATEMENT
Title The conflictuality of controversies on social media: Tensions, self-censorship, and the transformation of public debate
260 ## - PUBLICATION, DISTRIBUTION, ETC.
Date of publication, distribution, etc. 2025.<br/>
500 ## - GENERAL NOTE
General note 74
520 ## - SUMMARY, ETC.
Summary, etc. This article analyzes the dynamics of conflictuality structuring controversies on social media during the Covid-19 crisis. A number of mechanisms are contributing to the rise in tensions online: information overload, the transformation of debates into polarized confrontations, the influence of algorithms in radicalizing exchanges, and growing distrust of institutions. Logics of engagement, withdrawal, or self-censorship are restructuring forms of online participation, and conflictuality is becoming an ordinary mode of interaction.
700 10 - ADDED ENTRY--PERSONAL NAME
Personal name Figeac, Julien
Relator term author
700 10 - ADDED ENTRY--PERSONAL NAME
Personal name Bideau, Laëtitia
Relator term author
786 0# - DATA SOURCE ENTRY
Note Empan | 140 | 4 | 2025-11-25 | p. 57-64 | 1152-3336
856 41 - ELECTRONIC LOCATION AND ACCESS
Uniform Resource Identifier <a href="https://shs.cairn.info/journal-empan-2025-4-page-57?lang=en&redirect-ssocas=7080">https://shs.cairn.info/journal-empan-2025-4-page-57?lang=en&redirect-ssocas=7080</a>

Pas d'exemplaire disponible.

PLUDOC

PLUDOC est la plateforme unique et centralisée de gestion des bibliothèques physiques et numériques de Guinée administré par le CEDUST. Elle est la plus grande base de données de ressources documentaires pour les Étudiants, Enseignants chercheurs et Chercheurs de Guinée.

Adresse

627 919 101/664 919 101

25 boulevard du commerce
Kaloum, Conakry, Guinée

Réseaux sociaux

Powered by Netsen Group @ 2025